• 首页
  • 本馆介绍
  • 公告通知
  • 最新文献
  • 馆藏检索
  • 电子资源
  • 读者导购
  • 参考咨询
  • 我的图书馆
  • 登录
  • 详细信息显示
  • 放入我的书架
  • 预约/预借图书
  • 作者相关作品
  • 分类相关作品
  • 丛书相关作品
  • 出版社相关作品

书目信息

  • 表格格式
  • 工作单格式
  • 卡片格式
书名: Chinese women in the fight for socialism
作者: compiled by Chi Pen.
分册号:
分册名:
出版地: Peking :
 
出版社: Foreign Languages Press
出版时间: 1977.
页数: 117 p., [16] leaves of plates :
开本: 19 cm.
丛书名:
中图分类号:
科图分类号:
其他分类号: H31:O44
主题词:
电子资源:
000 00800cam 2200277 i 45x0
001 E0738780806
003 OCoLC
005 20070727105511.87
008 030407s1977 cc af 000 0 eng
010    @a 80492813 //r922
040    @aDLC@cDLC
041 1  @aengchi
043    @aa-cc---
050 00 @aHQ1768@b.C47
082 00 @a305.4/2/0951 @2 19
090    @aF652/W3E
090    @aH31:O44
099    @dH31:O44@ex1
245 00 @aChinese women in the fight for socialism / @ccompiled by Chi Pen.
250    @a1st ed.
260    @aPeking :@bForeign Languages Press,@c1977.
300    @a117 p., [16] leaves of plates :@bill. ;@c19 cm.
650  0 @aWomen@zChina@xSocial conditions.
650  0 @aWomen and socialism@zChina.
700 1  @aChi, Pen.
920    @a232010@z2
    
    Chinese women in the fight for socialism / / compiled by Chi Pen.-1st ed.-Peking : : Foreign Languages Press, , 1977.
    117 p., [16] leaves of plates : : ill. ; ; 19 cm.
    
    
    ISBN
    
●
相关链接 在E读中查询图书 在五车中查询图书 在当当中查询图书 在豆瓣中查询图书


正题名:Chinese women in the fight for socialism     索取号:H31:O44/x1         预约/预借

序号 登录号 条形码 馆藏地/架位号 状态 备注
1 0014213   300142138   密集书库/ [索取号:H31:O44/x1] 在馆    
2 0014214   300142147   密集书库/ [索取号:H31:O44/x1] 在馆    
3 01580   001177862   第四借阅区/ [索取号:H31:O44/x1] 在馆    
4 01581   001177853   第四借阅区/ [索取号:H31:O44/x1] 在馆    
唐山师范学院图书馆 欢迎您!
大连网信软件有限公司© 版权所有